Scrivi la Provincia Italiana valida - Statistics

Statistiche generali
  • Questo quiz è stato fatto 2.917 volte
  • Il punteggio medio è 9 su 20
Statistiche sulle risposte
Nome di una Provincia... Provincia Valida % Corretto
...nel cui nome c'è la parola "Reggio" Reggio Calabria | Reggio Emilia
97%
...che finisce in -ENZA Cosenza | Piacenza | Potenza | Vicenza
96%
...che confina con uno stato straniero Imperia | Cuneo | Torino | Aosta |
Verbano-Cusio-Ossola | Varese | Como | Sondrio | Bolzano | Belluno | Udine | Gorizia |
Trieste | Rimini | Pesaro-Urbino | Roma
95%
...nel cui nome compare un articolo L'Aquila | La Spezia
81%
...dell'Umbria Perugia | Terni
62%
...il cui nome è composto da città diverse Barletta-Andria-Trani | Forlì-Cesena | Massa-Carrara | Pesaro e Urbino
58%
...bagnata dal Lago di Garda Brescia | Trento | Verona
52%
...che nel 2022 si è posizionata nelle prime 5 posizioni per qualità della vita Bologna | Bolzano | Firenze | Siena | Trento
41%
...con più di 200 comuni Torino | Cuneo | Bergamo | Brescia
36%
...con meno di 100.000 abitanti Isernia
34%
...nei primi 3 posti per estensione Bolzano | Foggia | Cuneo
33%
...istituita nel Terzo Millennio Barletta-Andria-Trani | Fermo | Gallura nord-est Sardegna | Medio Campidano | Monza e Brianza | Ogliastra | Sulcis Iglesiente
32%
...nel cui nome non compare una città della provincia Gallura nord-est Sardegna | Medio Campidano | Ogliastra | Sulcis Iglesiente | Verbano-Cusio-Ossola
31%
...nella cui sigla c'è una lettera che non compare nel nome Crotone | Medio Campidano
29%
...la cui sigla è composta dalla stessa lettera ripetuta Sassari | Vibo Valentia
28%
...che nel 2022 si è posizionata nelle ultime 5 posizioni per qualità della vita Crotone | Isernia | Caltanissetta | Foggia | Vibo Valentia
26%
...di una sola parola che nella lingua italiana ha un secondo significato Bari | Biella | Brindisi | Cuneo | Fermo | Latina | Lecco | Lodi | Macerata | Potenza | Prato | Terni | Trapani
24%
...con meno di 10 comuni Prato | Trieste
22%
...con un comune che abbia la parola "Novi" Alessandria | Modena | Salerno
18%
... la cui iniziale del nome appartiene solo a quell'unica provincia Enna | Oristano | Udine
12%
Nessun quiz corrispondente trovato
Distribuzione punteggi
Percentuale di utenti per punteggio
Percentile per numero di risposta
I tuoi punteggi nel tempo
Non hai fatto questo quiz